Top 100 albums of the 1990s on RateYourMusic - Statistics

General Stats
  • This quiz has been taken 142 times
    117 since last reset
  • The average score is 46 of 100
Answer Stats
# Artist Album % Correct
1 Radiohead OK Computer
98%
23 Nirvana Nevermind
96%
3 Nas Illmatic
95%
2 My Bloody Valentine Loveless
91%
39 Radiohead The Bends
91%
5 Wu-Tang Clan Enter the Wu-Tang (36 Chambers)
89%
43 Weezer Weezer [Blue Album]
89%
4 Neutral Milk Hotel In the Aeroplane Over the Sea
88%
27 Nirvana In utero
88%
8 Portishead Dummy
81%
37 Rage Against the Machine Rage Against the Machine
81%
34 Jeff Buckley Grace
80%
16 Cocteau Twins Heaven or Las Vegas
80%
32 The Notorious B.I.G. Ready to Die
80%
25 Nine Inch Nails The Downward Spiral
79%
77 Lauryn Hill The Miseducation of Lauryn Hill
79%
6 Slint Spiderland
78%
12 A Tribe Called Quest The Low End Theory
76%
20 OutKast Aquemini
73%
10 Slowdive Souvlaki
73%
65 Weezer Pinkerton
72%
38 Smashing Pumpkins Siamese Dream
72%
11 DJ Shadow Endtroducing...
71%
24 Massive Attack Mezzanine
71%
14 Elliott Smith Either / Or
69%
7 Fishmans Long Season
68%
19 Aphex Twin Selected Ambient Works 85-92
68%
13 Björk Homogenic
67%
15 Swans Soundtracks for the Blind
67%
30 OutKast ATLiens
64%
18 Genius/GZA Liquid Swords
64%
44 Björk Post
64%
33 Depeche Mode Violator
62%
68 The Smashing Pumpkins Mellon Collie and the Infinite Sadness
61%
22 A Tribe Called Quest Midnight Marauders
59%
45 Alice in Chains Dirt
58%
70 Elliott Smith Elliott Smith
53%
59 Ween The Mollusk
51%
35 Boards of Canada Music Has the Right to Children
49%
67 R.E.M. Automatic for the People
48%
49 Mos Def Black on Both Sides
48%
17 Talk Talk Laughing Stock
48%
79 Sade Love Deluxe
48%
31 Megadeth Rust in Peace
47%
63 Fiona Apple When the Pawn Hits the Conflicts He Thinks Like a King What He Knows Throws the Blows When He Goes to the Fight and He'll Win the Whole Thing 'fore He Enters the Ring There's No Body to Batter When Your Mind Is Your Might So When You Go Solo, You Hold Your Own Hand and Remember That Depth Is the Greatest of Heights and If You Know Where You Stand, Then You Know Where to Land and If You Fall It Won't Matter, Cuz You'll Know That You're Right
47%
99 Soundgarden Superunknown
46%
29 Mobb Deep The Infamous
46%
42 Pavement Crooked Rain, Crooked Rain
44%
28 Modest Mouse The Lonesome Crowded West
44%
54 Elliott Smith XO
44%
46 Tool Ænima
39%
93 Jay-Z Reasonable Doubt
39%
40 Belle and Sebastian If You're Feeling Sinister
38%
48 Duster Stratosphere
38%
69 The Roots Things Fall Apart
38%
9 Godspeed You Black Emperor! F♯A♯∞
36%
21 Sigur Rós Ágætis byrjun
35%
88 Red House Painters Red House Painters [Rollercoaster]
35%
26 Death Symbolic
35%
95 Black Star Mos Def & Talib Kweli Are Black Star
32%
100 Fugazi Repeater
32%
71 Nine Inch Nails The Fragile
32%
74 Pulp Different Class
31%
57 Burzum Filosofem
31%
58 The Flaming Lips The Soft Bulletin
31%
62 Raekwon Only Built 4 Cuban Linx...
29%
41 Judas Priest Painkiller
29%
94 Mr. Bungle California
28%
85 The Dismemberment Plan Emergency & I
28%
47 Death Human
28%
64 Stereolab Dots and Loops
27%
52 Kyuss Kyuss [Welcome to Sky Valley]
26%
90 Three-6 Mafia Mystic Stylez
26%
36 Built to Spill Perfect From Now On
26%
84 Janet The Velvet Rope
26%
53 Nick Cave and The Bad Seeds Let Love In
24%
73 Yo La Tengo I Can Hear the Heart Beating as One
22%
87 Aphex Twin Selected Ambient Works Volume II
22%
82 Built to Spill Keep it Like a Secret
21%
56 Gang Starr Moment of Truth
21%
72 Steve Reich and Musicians Music for 18 Musicians
21%
50 Tom Waits Bone Machine
20%
60 Death The Sound of Perseverance
20%
91 Big L Lifestylez ov da Poor & Dangerous
18%
55 Fishmans Uchu Nippon Setagaya
18%
78 Death Individual Thought Patterns
16%
66 Cryptopsy None So Vile
16%
76 Gorguts Obscura
16%
97 Ulver Bergtatt: Et eeventyr i 5 capitler
13%
86 Darkthrone A Blaze in the Northern Sky
12%
80 Emperor In the Nightside Eclipse
12%
98 Slayer Seasons in the Abyss
12%
51 Opeth Still Life
12%
75 Dissection Storm of the Light's Bane
12%
61 Organized Konfusion Stress: The Extinction Agenda
12%
81 Neurosis Through Silver in Blood
9%
92 Racionais MC's Sobrevivendo no inferno
6%
83 Emperor Anthems to the Welkin at Dusk
4%
89 Collegium Vocale Gent Matthäus-Passion
0%
96 Takács Quartet The 6 String Quartets
0%
No matching quizzes found
Score Distribution
Percent of People with Each Score
Percentile by Number Answered
Your Score History
You have not taken this quiz since the last reset